Станции метро Казани - Statistics

General Stats
  • This quiz has been taken 34 times
  • The average score is 8 of 11
Answer Stats
Answer % Correct
Кремлёвская
90%
Козья слобода
80%
Площадь Габдуллы Тукая
80%
Аметьево
80%
Суконная слобода
77%
Авиастроительная
73%
Яшьлек
73%
Горки
73%
Проспект Победы
73%
Дубравная
73%
Северный вокзал
60%
No matching quizzes found
Score Distribution
Percent of People with Each Score
Percentile by Number Answered
Your Score History
You have not taken this quiz